01485nab a22002537a 4500999001500000003000400015005001700019008004100036040000700077100003600084245023900120300001500359500003800374505035000412505010700762650002800869650004500897650002600942650002300968650003300991650003501024773015901059942001301218 c6272d6272OSt20260128200546.0190514b xxu||||| |||| 00| 0 spa d cPJ 96681aPérez Ovalle, Pamela B.13aLey de Identidad de Género : cun colectivo en peligro. Análisis del DNU 62/2025 a la luz de los derechos humanos y de los principios convencionales de protección de las adolescencias transgéneros /bPamela B. Pérez Ovalle.  ap. 127-137 aCita: TR LALEY AR/DOC/2711/2025.  aSumario: I. Introducción. Palabras preliminares.— II. Nuestra Ley de Identidad de Género.— III. Los hechos del caso.— IV. Primero lo primero. Del control de constitucionalidad del DNU 62/2025.— V. El control de convencionalidad como principio rector de la protección interamericana de derechos humanos.— VI. Reflexiones finales.  tFallo comentado: JFed., Paraná Nro 2 ~ 16/04/2025 ~ P., G. A. y otro c. OSECAC s/ amparo ley 16.986. 09967aDERECHO DE FAMILIA 094305aDERECHO A LA IDENTIDAD DE GÉNERO 09614aDERECHOS HUMANOS 095662aADOLESCENTES 094691aAUTONOMÍA PROGRESIVA 091057aJURISPRUDENCIA APLICABLE0 0284493222dBuenos Aires : AbeledoPerrot, 1989-tDerecho de familia. Revista Interdisciplinaria de doctrina y jurisprudencia. Diciembre 2025-VI.z18511201 2udccANA